000 00388nam a22001577a 4500
003 MPLRDC
005 20220104142446.0
008 210129b ||||| |||| 00| 0 eng d
082 _a857.457 FJ
100 _a溥佳、毓唐著
245 _a满洲王朝秘辛
_c
260 _a
_b东西文化事业出版公司
_c
300 _b
650 _a历史小说
942 _cBK
_o857.457 FJ
999 _c31064
_d31054